2018 World Cup UEFA Qualifying Groups - Statistics

General Stats
  • This quiz has been taken 468 times
  • The average score is 42 of 52
Answer Stats
Group Country % Correct
Group A France
95%
Group G Spain
95%
Group F England
93%
Group A Sweden
91%
Group I Croatia
90%
Group C Germany
90%
Group B Portugal
90%
Group H Belgium
89%
Group D Republic of Ireland
89%
Group G Italy
88%
Group I Finland
87%
Group H Greece
87%
Group C Norway
87%
Group D Serbia
87%
Group E Denmark
86%
Group I Iceland
86%
Group A Netherlands
86%
Group E Poland
86%
Group F Scotland
86%
Group F Slovakia
86%
Group D Wales
86%
Group F Slovenia
84%
Group B Switzerland
84%
Group G Albania
83%
Group I Turkey
83%
Group I Ukraine
83%
Group D Austria
82%
Group B Hungary
82%
Group A Bulgaria
81%
Group B Latvia
81%
Group E Romania
81%
Group H Bosnia and Herzegovina
80%
Group H Estonia
80%
Group F Lithuania
80%
Group C Northern Ireland
80%
Group C San Marino
80%
Group A Luxembourg
78%
Group E Montenegro
78%
Group B Andorra
77%
Group A Belarus
76%
Group C Czech Republic
76%
Group F Malta
75%
Group D Georgia
73%
Group G Macedonia
73%
Group D Moldova
72%
Group H Cyprus
70%
Group E Armenia
69%
Group G Israel
67%
Group C Azerbaijan
65%
Group G Liechtenstein
64%
Group B Faroe Islands
54%
Group E Kazakhstan
53%
No matching quizzes found
Score Distribution
Percent of People with Each Score
Percentile by Number Answered
Your Score History
You have not taken this quiz